Sports Quiz

Random Sports or Olympics Quiz

Sports by Referee Quiz Stats

 Plays Quiz Updated Aug 23, 2017

Support Sporcle.
Go Orange.
Score 0/20 Timer 10:00
5 Plays Today
% Correct
Association football
97.8%
American football
95.3%
Boxing
94.3%
Golf
93.4%
Ice Hockey
92.8%
Rugby
91.7%
Basketball
90.4%
Baseball
90.2%
Sumo
90%
Tennis
89.6%
% Correct
Volleyball
87.8%
Polo
81.6%
Table tennis
81%
Cycling
76.8%
Handball
68.7%
Cricket
68.1%
Darts
64.6%
Snooker
64%
Water Polo
62.4%
Taekwondo
45.6%

From the Vault

Rush to the Finish: US Presidents

by alvir28

History 15s
Most Presidents probably aren't trying to rush to the finish of their term.
Remove Ads.
Support Sporcle.
Get the best of Sporcle when you Go Orange. This ad-free experience offers more features, more stats, and more fun while also helping to support Sporcle. Thank you for becoming a member.

Show Comments

Extras

Top Quizzes Today


Score Distribution

Your Account Isn't Verified!

In order to create a playlist on Sporcle, you need to verify the email address you used during registration. Go to your Sporcle Settings to finish the process.

Report this User

Report this user for behavior that violates our Community Guidelines.

Details: